Statistics for Top 20 baby girl names Turkey (2016)

Click here to take the quiz!

General Stats

  • This quiz has been taken 36 times
  • The average score is 4 of 20

Answer Stats

Rank Name % Correct
17Zeynep
78%
8Selin
43%
1Melis
35%
11Emine
30%
16Ceren
26%
5Sude
17%
3Nisa
17%
13Berra
13%
15Elisa
13%
14Alya
13%
9Can
13%
4Azra
13%
6Mina
13%
7Neva
13%
20Tuvana
9%
18KiƧkinebike
9%
19Tomris
9%
10Sena
9%
2Simay
9%
12Utku
9%

Score Distribution

Percentile by Number Answered

Percent of People with Each Score

Your Score History

You have not taken this quiz